| 000 | 00971nam a2200253 a 4500 | ||
|---|---|---|---|
| 001 | 000025416 | ||
| 005 | 20200930023755.0 | ||
| 008 | 110215s1981 mx a r 000 0 spa d | ||
| 020 | _a9681607929 | ||
| 040 |
_aDO-SdBNP _bspa _cBNPHU |
||
| 041 | 1 | 7 |
_aspa _heng _2Código de idioma MARC |
| 082 |
_aNNN _bW855p |
||
| 100 | 1 |
_aWolff Paul, Robert _d1933- _951988 |
|
| 240 | 1 | 0 |
_aUnderstanding Rawls _lEspañol. |
| 245 | 1 | 0 |
_aPara comprender a Rawls : _buna reconstrucción y una crítica de teoría de la justicia / _cRobert Paul Wolff ; traducción de Marcial Suárez. |
| 260 |
_aMéxico, D. F. : _bFondo de Cultura Económica, _c1981. |
||
| 300 |
_a204 p. : _bil. ; _c21 cm. |
||
| 490 | 1 | _aSección de obras de filosofía | |
| 534 |
_aTítulo original: _tUnderstanding Rawls |
||
| 504 | _aIncluye referencias bibliográficas y notas al pie de las páginas | ||
| 700 | 1 |
_aSuárez, Marcial _etr. _921749 |
|
| 830 | 0 |
_aSección de obras de filosofía _952019 |
|
| 049 | _aBNGR | ||
| 999 |
_c24908 _d24908 |
||